| 000 | 00507nam a22001817a 4500 | ||
|---|---|---|---|
| 003 | OSt | ||
| 005 | 20260618100303.0 | ||
| 008 | 260618b |||||||| |||| 00| 0 eng d | ||
| 020 | _a0844258008 | ||
| 040 | _cChuka University Library | ||
| 050 |
_aP 95 _b.G35 1994 |
||
| 100 |
_aGalvin Kathleen .M _929970 |
||
| 245 |
_aAn Introduction To Speech Communication _bPerson To Person |
||
| 260 |
_aU.S.A _bNational Textbook Company _c1994 |
||
| 300 | _a491.p | ||
| 650 |
_aCommunication _915 |
||
| 942 |
_2lcc _cBK _n0 |
||
| 999 |
_c24678 _d24678 |
||